000 00599nam a22001817a 4500
005 20251108164309.0
008 250721s1969 xx 000 0 ara d
082 1 4 _a355.09565/ارد
245 1 0 _aمعركة الكرامة 21 اذار 1968 /
250 _aط2
264 1 _aعمان :
_bرئاسة الأركان - قسم التاريخ العسكري،
_c1969.
300 _a232ص : مص
650 1 7 _aالأردن
650 1 7 _aالتاريخ الحربي
710 2 _aالأردن . القوات المسلحة . رئاسة الأركان
_eتأليف
942 _2ddc
_cBK
999 _c8662
_d8662